[Event "CP-2016-P-00019"]
[Site "LSS email"]
[Date "2016.09.27"]
[Round "?"]
[White "Vergara, Jose"]
[Black "Schubert, Steffen"]
[Result "1/2-1/2"]
[WhiteElo "1948"]
[BlackElo "1992"]
[PlyCount "30"]
[EventDate "2016.10.01"]
[EventType "tourn (corr)"]
[EventRounds "6"]
[EventCountry "GER"]
[SourceTitle "Corr 2024"]
[Source "ChessBase"]
[SourceDate "2023.10.19"]
[SourceVersion "1"]
[SourceVersionDate "2023.10.19"]
[SourceQuality "1"]

1. e4 e5 2. Nf3 Nf6 3. d4 Nxe4 4. Bd3 d5 5. Nxe5 Nd7 6. Nxd7 Bxd7 7. 0-0 Bd6 8. Qh5 0-0 9. Qxd5 Bc6 10. Qh5 g6 11. Qh3 Ng5 12. Bxg5 Qxg5 13. Nc3 Rae8 14. Rae1 Qf4 15. Bb5 Qxd4 1/2-1/2

[Event "FRA-chT2 0405"]
[Site "France"]
[Date "2005.01.09"]
[Round "6.3"]
[White "Morice, Ludovic"]
[Black "Vergara, Jose"]
[Result "0-1"]
[WhiteElo "2059"]
[BlackElo "2143"]
[PlyCount "44"]
[EventDate "2004.10.10"]
[EventType "team"]
[EventRounds "11"]
[EventCountry "FRA"]
[SourceTitle "EXT 2006"]
[Source "ChessBase"]
[SourceDate "2005.11.24"]
[SourceVersion "1"]
[SourceVersionDate "2005.11.24"]
[SourceQuality "1"]

1. d4 e5 2. dxe5 Nc6 3. Nf3 f6 4. exf6 Nxf6 5. g3 d5 6. Bg2 Bc5 7. 0-0 0-0 8. Bg5 Be6 9. Nbd2 Qe8 10. Bxf6 Rxf6 11. Nb3 Bb6 12. Ng5 Rd8 13. Nxe6 Qxe6 14. e3 Ne5 15. Nd4 Qf7 16. c3 c5 17. Ne2 g5 18. Qc2 Ng4 19. Rad1 Rxf2 20. Nd4 Qh5 21. Bxd5+ Rxd5 22. Rxf2 Nxf2 0-1

[Event "IECG TE.2004.P.01608 email"]
[Site "IECG email"]
[Date "2004.09.22"]
[Round "?"]
[White "Navas, Denis"]
[Black "Vergara, Jose"]
[Result "1-0"]
[WhiteElo "1008"]
[BlackElo "1700"]
[PlyCount "29"]
[EventDate "2004.09.22"]
[EventType "tourn (corr)"]
[EventRounds "8"]
[SourceTitle "Corr 2024"]
[Source "ChessBase"]
[SourceDate "2023.10.19"]
[SourceVersion "1"]
[SourceVersionDate "2023.10.19"]
[SourceQuality "1"]

1. e4 c6 2. d4 d5 3. e5 Bf5 4. Nc3 e6 5. g4 Bg6 6. Nge2 c5 7. h4 h6 8. Be3 Nc6 9. h5 Bh7 10. f4 Qb6 11. Na4 Qa5+ 12. c3 c4 13. Nc5 Bxc5 14. dxc5 Nge7 15. b4 1-0